000 00204 a2200097 4500
001 45857
100 _aWright B
245 _aBook of soccer
260 _aLondon
_bStanley Paul
_c
090 _c28955
_d28955
942 _aNUST-CAE
_cM
_c21063
999 _c280930
_d280930